| 000 | 00399nam a2200145Ia 4500 | ||
|---|---|---|---|
| 008 | 151213s9999 xx 000 0 und d | ||
| 100 | _aMr . M.Farari | ||
| 245 |
_aManual of Trade ,Marks, Merchandise Marks, Patents and Designs _cMr . M.Farari |
||
| 260 |
_aLahore _bLahore Law Times Publications |
||
| 300 | _a5152 p. | ||
| 650 | _aLaw | ||
| 650 | _aLaw | ||
| 700 | _aMr . M.Farari | ||
| 999 |
_c3180 _d3180 |
||